Największe miasta Wielkiej Brytanii A-Z. - Statystyki

Ogólne statystyki
  • Ten quiz został rozwiązany 234 razy
  • Średni wynik to 9 z 23
Statystyki odpowiedzi
# Pop. Miasto % Poprawnych
L 8 961 989 Londyn
96%
M 545 501 Manchester
95%
B 1 137 100 Birmingham
89%
G 593 060 Glasgow
82%
E 507 170 Edynburg
79%
C 361 468 Cardiff
69%
Y 137 505 York
53%
N 325 282 Nottingham
50%
S 582 506 Sheffield
47%
O 143 016 Oksford
46%
A 228 800 Aberdeen
41%
P 243 795 Plymouth
34%
I 138 718 Ipswich
33%
W 249 470 Wolverhampton
33%
D 256 233 Derby
31%
R 232 662 Reading
26%
K 260 240 Kingston upon Hull
23%
H 162 949 Huddersfield
12%
T 138 241 Telford
6%
F 57 147 Farnborough
1%
J 27 000 Jarrow
1%
Q 3 689 Queenborough
1%
V 12 069 Verwood
1%
Nie znaleziono quizów pasujących do podanych kryteriów
Rozkład punktacji
Procent ludzi z każdym wynikiem
Percentyl według liczby udzielonych odpowiedzi
Twoja historia wyników
Nie rozwiązałeś tego quizu